"Nový normál" v čínskej ekonomike
Pojem "nový normál" v čínskej ekonomike. Vysoké tempo hospodárskeho rastu ako príčina vzniku mnohých negatívnych javov a procesov v čínskej ekonomike. Dôsledky vysokého tempa rastu. Pasca stredného príjmu. Kľučové otázky a problémy transformácie modelu rastu. Štrukturálne zmeny.
Gespeichert in:
| 1. Verfasser: | |
|---|---|
| Format: | Buchkapitel |
| Sprache: | Slowakisch |
| Schlagworte: | |
| Tags: |
Keine Tags, Fügen Sie das erste Tag hinzu!
|
MARC
| LEADER | 00000nla a2200000 4500 | ||
|---|---|---|---|
| 001 | 0230262 | ||
| 005 | 20240417075117.0 | ||
| 041 | 0 | |a slo | |
| 044 | |a SK | ||
| 245 | 1 | 0 | |a "Nový normál" v čínskej ekonomike |c Andrzej Kupich |
| 520 | |a Pojem "nový normál" v čínskej ekonomike. Vysoké tempo hospodárskeho rastu ako príčina vzniku mnohých negatívnych javov a procesov v čínskej ekonomike. Dôsledky vysokého tempa rastu. Pasca stredného príjmu. Kľučové otázky a problémy transformácie modelu rastu. Štrukturálne zmeny. | ||
| 610 | 2 | 0 | |a rast hospodársky intenzívny |
| 610 | 2 | 0 | |a obchod zahraničný |
| 610 | 2 | 0 | |a investície zahraničné |
| 610 | 2 | 0 | |a inovácia |
| 610 | 2 | 0 | |a reformy |
| 610 | 2 | 0 | |a zamestnanosť |
| 610 | 2 | 0 | |a príjmy |
| 610 | 2 | 0 | |a zmeny štruktúrne |
| 610 | 2 | 0 | |a Čína |
| 100 | 1 | |a Kupich, Andrzej | |